000 00767nab a2200241 u 4500
001 15814
003 HDC
007 cr bn ---aaaaa
008 210219c mydr|noo 0 a may d
040 _aHDC
245 0 _aPerancis boleh dapatkan produk halal dari M'sia, kata Rafidah
260 _aMalaysia :
_bBernama,
_c2004
336 _atext
_2rdacontent
337 _acomputer
_2rdamedia
338 _aonline resource
_2rdacarrier
650 _ahalal industry
_9144
650 _ahalal product
_948
710 _aBernama
856 _zRequest full-text at [email protected]
942 _2lcc
942 _cNEWS
942 _kNSWO 008334
999 _c13130
_d13130